[Event "Landesklasse West 2011/2012"]
[Site "?"]
[Date "2011.10.09"]
[Round "2"]
[White "Schorch, Rüdiger"]
[Black "Feldmann, Bernd"]
[Result "1-0"]
[WhiteElo "1915"]
[BlackElo "1829"]
[PlyCount "61"]
[EventDate "2011.??.??"]
[WhiteTeam "SV Ammern"]
[BlackTeam "Randspringer Bad Salzungen"]

1. c4 e6 2. g3 d5 3. Bg2 Nf6 4. Nf3 Be7 5. d4 Ne4 6. O-O O-O 7. Bf4 Nd7 8. Qc2
c6 9. Nbd2 f5 10. Ne5 g5 11. Nxd7 Bxd7 12. Nxe4 gxf4 13. Nd2 fxg3 14. hxg3 f4
15. e4 fxe3 16. fxe3 Bg5 17. Rae1 Qc7 18. Rxf8+ Rxf8 19. Nf1 Qa5 20. Ra1 dxc4
21. Be4 h6 22. Qxc4 Kg7 23. a3 Be7 24. Qb3 Bc8 25. Bc2 Qg5 26. Qd3 Bd6 27. Kg2
e5 28. Qh7+ Kf6 29. Nd2 Qxe3 30. Rf1+ Ke6 31. Bb3+ 1-0

[Event "Landesklasse West 2011/2012"]
[Site "?"]
[Date "2011.10.09"]
[Round "2"]
[White "Kunze, Heinz"]
[Black "Feigel, Andreas"]
[Result "1-0"]
[WhiteElo "1701"]
[BlackElo "1753"]
[PlyCount "85"]
[EventDate "2011.??.??"]
[WhiteTeam "Randspringer Bad Salzungen"]
[BlackTeam "SV Ammern"]

1. e4 d5 2. exd5 Nf6 3. c4 e6 4. d4 exd5 5. Nc3 Bb4 6. Be3 O-O 7. Nf3 Re8 8. h3
Ne4 9. Qc2 Qe7 10. cxd5 Nxf2 11. Qxf2 Qxe3+ 12. Qxe3 Rxe3+ 13. Kf2 Re8 14. Bc4
Bf5 15. Ne5 Nd7 16. Rhe1 Bd6 17. Nxd7 Bxd7 18. Nb5 a6 19. Nxd6 cxd6 20. Bd3 h6
21. Rac1 Rxe1 22. Kxe1 Rc8 23. Rd1 g5 24. Kd2 f6 25. Rf1 Kf7 26. Bf5 Bxf5 27.
Rxf5 Kg6 28. Rf2 Re8 29. Kd3 f5 30. Rc2 Re7 31. Rc8 Rd7 32. Re8 f4 33. Ke4 h5
34. Re6+ Kg7 35. Kf5 Rf7+ 36. Kxg5 f3 37. gxf3 Rxf3 38. Rxd6 Rxh3 39. Rd7+ Kf8
40. Rxb7 Rh2 41. Kf6 Ke8 42. d6 h4 43. d7+ 1-0

[Event "Landesklasse West 2011/2012"]
[Site "?"]
[Date "2011.10.09"]
[Round "2"]
[White "Hentrich, Jörg"]
[Black "Mäurer, Michael"]
[Result "1/2-1/2"]
[WhiteElo "1816"]
[BlackElo "1643"]
[PlyCount "41"]
[EventDate "2011.??.??"]
[WhiteTeam "SV Ammern"]
[BlackTeam "Randspringer Bad Salzungen"]

1. e4 c6 2. d4 d5 3. Nc3 dxe4 4. Nxe4 Bf5 5. Ng3 Bg6 6. h4 h6 7. h5 Bh7 8. Nf3
Nd7 9. Bd3 Bxd3 10. Qxd3 e6 11. Bf4 Qa5+ 12. Nd2 Ngf6 13. c4 Be7 14. Kf1 O-O
15. Nde4 Nxe4 16. Nxe4 Qf5 17. Qe3 e5 18. dxe5 Nxe5 19. Ng3 Qd3+ 20. Qxd3 Nxd3
21. Be3 1/2-1/2

[Event "Landesklasse West 2011/2012"]
[Site "?"]
[Date "2011.10.09"]
[Round "2"]
[White "August, Daniel"]
[Black "Klingler, Lutz"]
[Result "0-1"]
[WhiteElo "1804"]
[BlackElo "1951"]
[PlyCount "105"]
[EventDate "2011.??.??"]
[WhiteTeam "TSG Ruhla"]
[BlackTeam "SV Schmalkalden 04"]

1. Nf3 c5 2. g3 Nc6 3. Bg2 g6 4. O-O Bg7 5. d3 d6 6. e4 e5 7. c3 Nge7 8. a3 h6
9. b4 O-O 10. Be3 b6 11. Nbd2 Be6 12. b5 Na5 13. Nh4 Qd7 14. c4 Rae8 15. Ra2 g5
16. Nhf3 f5 17. exf5 Nxf5 18. Ne1 d5 19. Nb3 Nxe3 20. fxe3 Rxf1+ 21. Bxf1 dxc4
22. Nxa5 bxa5 23. Rc2 e4 24. d4 cxd4 25. Bxc4 Bxc4 26. Rxc4 Qxb5 27. Qc2 d3 28.
Nxd3 exd3 29. Qxd3 Qe5 30. e4 Rf8 31. a4 g4 32. Qd5+ Kh7 33. Qxe5 Bxe5 34. Kg2
Rf7 35. Rc5 Bc7 36. h3 Bb6 37. Rc2 h5 38. hxg4 hxg4 39. Rc3 Rf2+ 40. Kh1 Re2
41. Rc4 Kg6 42. Rc6+ Kh5 43. Rc4 Kg5 44. e5 Rxe5 45. Kg2 Kf5 46. Rf4+ Kg5 47.
Rc4 Rd5 48. Kh1 Rd4 49. Rc8 Rxa4 50. Kg2 Rd4 51. Rf8 a4 52. Rf2 a3 53. Kh1 0-1

[Event "Landesklasse West 2011/2012"]
[Site "?"]
[Date "2011.10.09"]
[Round "2"]
[White "Bamberg, Alexander"]
[Black "Fink, Klaus"]
[Result "1-0"]
[WhiteElo "1847"]
[BlackElo "1961"]
[PlyCount "161"]
[EventDate "2011.??.??"]
[WhiteTeam "SV Schmalkalden 04"]
[BlackTeam "TSG Ruhla"]

1. Nf3 f5 2. d4 Nf6 3. c4 g6 4. Nc3 Bg7 5. g3 b6 6. Bg2 Bb7 7. O-O O-O 8. e3
Na6 9. a3 c6 10. b4 Nc7 11. Qb3 e6 12. Bb2 Ne4 13. Rfc1 Rb8 14. c5 Nxc3 15.
Bxc3 Ba6 16. Bb2 g5 17. Qc2 Qe7 18. Ne5 Bxe5 19. dxe5 bxc5 20. Qxc5 Qxc5 21.
Rxc5 Be2 22. Bd4 Nb5 23. Bb2 Rfc8 24. Rac1 Nc7 25. R1c2 Bb5 26. Rd2 Nd5 27. Bd4
a5 28. bxa5 Ba6 29. Rc1 Rb3 30. Bc5 Rcb8 31. h3 R8b7 32. Kh2 Kf7 33. Bf3 Kg6
34. Kg2 Rb1 35. Rxb1 Rxb1 36. Rd1 Rb3 37. Rd2 h5 38. Be2 Bxe2 39. Rxe2 Rb5 40.
Bd6 Rxa5 41. Rb2 Rb5 42. Rxb5 cxb5 43. Kf3 g4+ 44. Kg2 Kf7 45. h4 Ke8 46. Kf1
Kd8 47. Ke1 Kc8 48. Kd2 Kb7 49. Kd3 Kc6 50. Kd4 Nb6 51. e4 Nc4 52. Bb4 Nb2 53.
exf5 exf5 54. Ke3 Kd5 55. Kf4 Ke6 56. Kg5 Nd3 57. Kxh5 Nxe5 58. Kg5 d5 59. h5
d4 60. h6 Nf7+ 61. Kg6 Nxh6 62. Kxh6 Ke5 63. Kg5 Ke4 64. Ba5 d3 65. Bd2 Kf3 66.
Kxf5 Kxf2 67. Kxg4 Ke2 68. Bb4 d2 69. Bxd2 Kxd2 70. Kf5 Kc3 71. g4 Kb3 72. g5
Kxa3 73. g6 b4 74. g7 b3 75. g8=Q b2 76. Qa8+ Kb3 77. Qb7+ Kc3 78. Qc6+ Kb3 79.
Qb5+ Kc2 80. Qc4+ Kb1 81. Ke4 1-0

[Event "Landesklasse West 2011/2012"]
[Site "?"]
[Date "2011.10.09"]
[Round "2"]
[White "Kirsch, Uwe"]
[Black "Lesser, Thomas"]
[Result "1/2-1/2"]
[WhiteElo "1863"]
[BlackElo "1856"]
[PlyCount "20"]
[EventDate "2011.??.??"]
[WhiteTeam "TSG Ruhla"]
[BlackTeam "SV Schmalkalden 04"]

1. d4 d5 2. Nf3 Bf5 3. c4 e6 4. Qb3 b6 5. Nc3 dxc4 6. Qxc4 Nf6 7. Bg5 Be7 8. e3
O-O 9. Be2 Ne4 10. Bf4 Bd6 1/2-1/2

[Event "Landesklasse West 2011/2012"]
[Site "?"]
[Date "2011.10.09"]
[Round "2"]
[White "Klein, Matthias"]
[Black "Thrän, Uwe"]
[Result "1/2-1/2"]
[WhiteElo "1788"]
[BlackElo "1800"]
[PlyCount "21"]
[EventDate "2011.??.??"]
[WhiteTeam "SV Schmalkalden 04"]
[BlackTeam "TSG Ruhla"]

1. e4 e6 2. d3 d5 3. Nd2 c5 4. Ngf3 Nc6 5. g3 Bd6 6. Bg2 Nge7 7. O-O O-O 8. c3
b6 9. Re1 Ba6 10. Qc2 Rc8 11. Bf1 1/2-1/2

[Event "Landesklasse West 2011/2012"]
[Site "?"]
[Date "2011.10.09"]
[Round "2"]
[White "Schliepat, Reinhold"]
[Black "Krannich, Steffen"]
[Result "1/2-1/2"]
[WhiteElo "1851"]
[BlackElo "1748"]
[PlyCount "48"]
[EventDate "2011.??.??"]
[WhiteTeam "TSG Ruhla"]
[BlackTeam "SV Schmalkalden 04"]

1. Nf3 d5 2. d3 Nf6 3. b3 c5 4. Bb2 e6 5. g3 Be7 6. Bg2 O-O 7. Nbd2 Nc6 8. O-O
Qc7 9. e4 d4 10. Qe2 e5 11. h3 b5 12. a4 bxa4 13. Rxa4 Bd7 14. Nc4 Be6 15. Nfd2
Nb4 16. Qd1 Nd7 17. Ra1 Nb6 18. Na3 a5 19. Ndc4 a4 20. c3 Nxc4 21. bxc4 Nc6 22.
cxd4 cxd4 23. Nb5 Qa5 24. Ba3 Rfb8 1/2-1/2

[Event "Landesklasse West 2011/2012"]
[Site "?"]
[Date "2011.10.09"]
[Round "2"]
[White "Burkhardt, Christian"]
[Black "Voß, Ewald"]
[Result "1/2-1/2"]
[WhiteElo "1683"]
[BlackElo "1648"]
[PlyCount "104"]
[EventDate "2011.??.??"]
[WhiteTeam "SV Schmalkalden 04"]
[BlackTeam "TSG Ruhla"]

1. d4 d5 2. c4 e6 3. Nc3 Nf6 4. Bg5 Be7 5. e3 O-O 6. Nf3 Nc6 7. a3 h6 8. Bh4
Ne8 9. Bg3 Bd6 10. Bxd6 Qxd6 11. c5 Qe7 12. Bb5 Nd8 13. O-O c6 14. Bd3 f5 15.
Ne5 Qf6 16. Qh5 Kh7 17. f4 g6 18. Qh3 Nf7 19. Nf3 Kg7 20. Kh1 Rg8 21. Rg1 Kf8
22. Ne5 g5 23. g4 Nxe5 24. fxe5 Qg6 25. Raf1 Ng7 26. e4 dxe4 27. Bxe4 Ke7 28.
Bb1 Bd7 29. gxf5 Nxf5 30. Ne4 g4 31. Qd3 Raf8 32. Nf6 Rg7 33. Rxg4 Qf7 34. Rxg7
Qxg7 35. Rg1 Qf7 36. b4 Bc8 37. a4 Rd8 38. Rg4 h5 39. Rf4 Qg6 40. Qd2 Qg5 41.
Qf2 Rxd4 42. Rxd4 Qc1+ 43. Qg1 Qxg1+ 44. Kxg1 Nxd4 45. Kf2 h4 46. Ke3 Nf5+ 47.
Bxf5 exf5 48. Kf4 b6 49. a5 bxa5 50. bxa5 Kf7 51. Nh7 Ke6 52. Nf6 Kf7 1/2-1/2

[Event "Landesklasse West 2011/2012"]
[Site "?"]
[Date "2011.10.09"]
[Round "2"]
[White "Möller, Hans-Joachim"]
[Black "Weigend, Joachim"]
[Result "1/2-1/2"]
[WhiteElo "1752"]
[BlackElo "1827"]
[PlyCount "74"]
[EventDate "2011.??.??"]
[WhiteTeam "TSG Ruhla"]
[BlackTeam "SV Schmalkalden 04"]

1. e4 c5 2. f4 e6 3. Nf3 d5 4. exd5 exd5 5. Bb5+ Bd7 6. Qe2+ Be7 7. d4 Nf6 8.
O-O O-O 9. c3 a6 10. Bd3 Nc6 11. Ne5 cxd4 12. Nxc6 Bxc6 13. cxd4 Re8 14. h3 Bd6
15. Qf2 Ne4 16. Bxe4 dxe4 17. Nc3 f5 18. Be3 b5 19. Rfd1 b4 20. Ne2 Bd5 21. b3
Rc8 22. Rac1 Qd7 23. Qe1 a5 24. Rxc8 Rxc8 25. Rc1 a4 26. Rxc8+ Qxc8 27. Qc1 Qa6
28. Qc2 axb3 29. axb3 Bf8 30. Nc1 h6 31. Kf2 Qe6 32. Ke2 Be7 33. Kf2 g5 34. g3
Qf7 35. Kg1 Kg7 36. Kh2 Qe6 37. Kg1 Qb6 1/2-1/2

[Event "Landesklasse West 2011/2012"]
[Site "?"]
[Date "2011.10.09"]
[Round "2"]
[White "Himmel, Matthias"]
[Black "Veithöfer, Günther"]
[Result "1/2-1/2"]
[WhiteElo "1564"]
[BlackElo "1434"]
[PlyCount "30"]
[EventDate "2011.??.??"]
[WhiteTeam "SV Schmalkalden 04"]
[BlackTeam "TSG Ruhla"]

1. d4 d5 2. e3 Nf6 3. Bd3 Nc6 4. f4 Bg4 5. Nf3 e6 6. Nbd2 Be7 7. O-O O-O 8. Qe1
Bf5 9. Ne5 Bxd3 10. cxd3 Nb4 11. Qd1 Nd7 12. Ndf3 Nxe5 13. Nxe5 f6 14. Nf3 c5
15. Qb3 Rc8 1/2-1/2

[Event "Landesklasse West 2011/2012"]
[Site "?"]
[Date "2011.10.09"]
[Round "2"]
[White "Bötticher, Heinz-Wilfried"]
[Black "Minor, Viatcheslav"]
[Result "1-0"]
[WhiteElo "1810"]
[BlackElo "1970"]
[PlyCount "47"]
[EventDate "2011.??.??"]
[WhiteTeam "SV Breitenworbis"]
[BlackTeam "SV Wartburgstadt Eisenach"]

1. d4 d6 2. c4 Nf6 3. Nc3 g6 4. e4 Bg7 5. f4 O-O 6. Nf3 c5 7. d5 e6 8. Be2 exd5
9. cxd5 Re8 10. e5 dxe5 11. fxe5 Ng4 12. Bg5 Qa5 13. O-O Nxe5 14. d6 Be6 15.
Nd5 Bxd5 16. Qxd5 Nbd7 17. Nxe5 Nxe5 18. d7 Red8 19. Bxd8 Rxd8 20. Rxf7 Nxf7
21. Rf1 Bd4+ 22. Kh1 Rf8 23. Rxf7 Qd8 24. Bc4 1-0

[Event "Landesklasse West 2011/2012"]
[Site "?"]
[Date "2011.10.09"]
[Round "2"]
[White "Gast, Rainer"]
[Black "Neef, Michael"]
[Result "1/2-1/2"]
[WhiteElo "1960"]
[BlackElo "1879"]
[PlyCount "48"]
[EventDate "2011.??.??"]
[WhiteTeam "SV Breitenworbis"]
[BlackTeam "SV Wartburgstadt Eisenach"]

1. d4 d5 2. c4 e6 3. Nc3 Nf6 4. Bg5 Be7 5. e3 O-O 6. Nf3 Nbd7 7. Rc1 b6 8. cxd5
exd5 9. Bd3 c5 10. O-O Bb7 11. dxc5 bxc5 12. Re1 Rc8 13. Bf5 Rb8 14. Qa4 a6 15.
Red1 Nb6 16. Qa5 Nc4 17. Qxd8 Rfxd8 18. b3 Nd6 19. Bh3 Nde4 20. Bf4 Nxc3 21.
Rxc3 Ne4 22. Rcc1 Bd6 23. Bxd6 Rxd6 24. Ne5 Bc8 1/2-1/2

[Event "Landesklasse West 2011/2012"]
[Site "?"]
[Date "2011.10.09"]
[Round "2"]
[White "Königsdörfer, Gerhard"]
[Black "Leibeling, Lucian"]
[Result "1/2-1/2"]
[WhiteElo "1864"]
[BlackElo "1832"]
[PlyCount "74"]
[EventDate "2011.??.??"]
[WhiteTeam "SV Wartburgstadt Eisenach"]
[BlackTeam "SV Breitenworbis"]

1. e4 c5 2. Nf3 Nc6 3. Bb5 d6 4. Bxc6+ bxc6 5. d3 e5 6. O-O g6 7. Be3 Bg7 8. h3
Ne7 9. Qd2 O-O 10. Bh6 f5 11. Bxg7 Kxg7 12. Qe2 f4 13. c3 a5 14. Na3 h6 15.
Rfd1 Be6 16. d4 cxd4 17. cxd4 Qb8 18. dxe5 dxe5 19. Nc4 Qb5 20. Rac1 Rad8 21.
b3 Bxc4 22. bxc4 Qb8 23. Qe1 Qc7 24. Qc3 Kf6 25. c5 Nc8 26. Nd2 Rd4 27. Nb3
Rxd1+ 28. Rxd1 Rd8 29. Rxd8 Qxd8 30. Qxa5 Qd1+ 31. Kh2 f3 32. Qd2 Qf1 33. gxf3
g5 34. Qe3 Ne7 35. Nd2 Qc1 36. Nb3 Qd1 37. Qd2 Qxf3 1/2-1/2

[Event "Landesklasse West 2011/2012"]
[Site "?"]
[Date "2011.10.09"]
[Round "2"]
[White "Biel, Peter"]
[Black "Heyl, Peter"]
[Result "1/2-1/2"]
[WhiteElo "1672"]
[BlackElo "1676"]
[PlyCount "55"]
[EventDate "2011.??.??"]
[WhiteTeam "SV Breitenworbis"]
[BlackTeam "SV Wartburgstadt Eisenach"]

1. e4 e6 2. d4 d5 3. Nc3 dxe4 4. Nxe4 Nd7 5. Nf3 Ngf6 6. Nxf6+ Nxf6 7. Bd3 Be7
8. Qe2 O-O 9. Bg5 h6 10. Bxf6 Bxf6 11. Qe4 g6 12. O-O-O Qd5 13. c4 Qa5 14. Kb1
Rb8 15. h4 Bg7 16. g4 Bd7 17. h5 Bc6 18. Qe3 Bxf3 19. Qxf3 Bxd4 20. hxg6 Qb6
21. Qe2 fxg6 22. Rxh6 Rxf2 23. Rxg6+ Bg7 24. Rxg7+ Kxg7 25. Qe5+ Kf7 26. Rh1
Rg8 27. Qh5+ Kf8 28. Qh6+ 1/2-1/2

[Event "Landesklasse West 2011/2012"]
[Site "?"]
[Date "2011.10.09"]
[Round "2"]
[White "Hermann, Ingo"]
[Black "Graupner, Markus"]
[Result "1-0"]
[WhiteElo "1852"]
[BlackElo "1643"]
[PlyCount "49"]
[EventDate "2011.??.??"]
[WhiteTeam "SV Breitenworbis"]
[BlackTeam "SV Wartburgstadt Eisenach"]

1. e4 d6 2. d4 Nf6 3. Nc3 c6 4. f3 b5 5. Be3 Nbd7 6. Qd2 a5 7. Bd3 e5 8. Nge2
Be7 9. O-O O-O 10. Nd1 Ba6 11. Nf2 c5 12. c3 b4 13. f4 Bxd3 14. Qxd3 bxc3 15.
bxc3 Qc7 16. Ng3 c4 17. Qd2 Rfd8 18. Rab1 Rab8 19. Qe2 Qc6 20. Qc2 Qc7 21. Qa4
Rdc8 22. Rfd1 Rb6 23. Rxb6 Qxb6 24. Nf5 Bf8 25. dxe5 1-0

[Event "Landesklasse West 2011/2012"]
[Site "?"]
[Date "2011.10.09"]
[Round "2"]
[White "Mekus, Stephanie"]
[Black "Hermann, Frank"]
[Result "0-1"]
[WhiteElo "1543"]
[BlackElo "1547"]
[PlyCount "60"]
[EventDate "2011.??.??"]
[WhiteTeam "SV Wartburgstadt Eisenach"]
[BlackTeam "SV Breitenworbis"]

1. d4 Nf6 2. Nf3 d5 3. Bf4 Nc6 4. h3 Bf5 5. e3 e6 6. c3 Bd6 7. Bxd6 Qxd6 8. Be2
O-O 9. Nbd2 Rfe8 10. Nh4 Be4 11. Nhf3 e5 12. Nxe4 Nxe4 13. dxe5 Nxe5 14. Nxe5
Rxe5 15. Bf3 Rd8 16. Qc2 Ng5 17. O-O-O Nxf3 18. gxf3 b5 19. Rd4 c5 20. Rh4 f5
21. Rg1 Qf6 22. Rh5 h6 23. f4 Re4 24. f3 Rxe3 25. Rxf5 Qh4 26. Qg2 Re1+ 27.
Rxe1 Qxe1+ 28. Kc2 d4 29. Re5 d3+ 30. Kb3 Qd1+ 0-1

[Event "Landesklasse West 2011/2012"]
[Site "?"]
[Date "2011.10.09"]
[Round "2"]
[White "Mehlhorn, Uwe"]
[Black "Kachel, Alfred"]
[Result "1-0"]
[WhiteElo "2042"]
[BlackElo "1965"]
[PlyCount "93"]
[EventDate "2011.??.??"]
[WhiteTeam "Ilmenauer SV"]
[BlackTeam "Schachclub Rochade Leinefelde"]

1. b4 e5 2. Bb2 Bxb4 3. Bxe5 Nf6 4. e3 Nc6 5. Bb2 d5 6. Nf3 O-O 7. c4 Re8 8.
Be2 Bc5 9. cxd5 Nxd5 10. O-O Bf5 11. d4 Bb6 12. Nbd2 Qe7 13. Bc4 Nf6 14. a4 Na5
15. Ba3 Qd8 16. Be2 Ne4 17. Nxe4 Bxe4 18. Nd2 Bd5 19. Bd3 Bc6 20. Bb2 Qg5 21.
e4 Rad8 22. Nf3 Qh5 23. Qc2 f5 24. Ne5 Bxe4 25. Bxe4 fxe4 26. Qxe4 Nc4 27. Qc2
Nxb2 28. Qb3+ Kf8 29. g4 Bxd4 30. gxh5 Bxe5 31. Rae1 Nd3 32. Re3 Nc5 33. Rf3+
Bf6 34. Qb4 b6 35. h6 Re7 36. hxg7+ Rxg7+ 37. Kh1 Rd6 38. Qh4 Rf7 39. Qh6+ Ke8
40. Re1+ Kd8 41. Qh3 Rg7 42. Rfe3 Be7 43. Qf3 Rf6 44. Rd1+ Rd6 45. Rxd6+ cxd6
46. Qa8+ Kd7 47. Qxa7+ 1-0

[Event "Landesklasse West 2011/2012"]
[Site "?"]
[Date "2011.10.09"]
[Round "2"]
[White "Pfitzenreuter, Gerald"]
[Black "Töpfer, Albrecht"]
[Result "0-1"]
[WhiteElo "1939"]
[BlackElo "1838"]
[PlyCount "100"]
[EventDate "2011.??.??"]
[WhiteTeam "Schachclub Rochade Leinefelde"]
[BlackTeam "Ilmenauer SV"]

1. d4 Nf6 2. c4 e6 3. Nc3 Bb4 4. Qc2 c5 5. dxc5 Bxc3+ 6. Qxc3 Ne4 7. Qxg7 Qa5+
8. Kd1 Nxf2+ 9. Kc2 Rf8 10. Bh6 Qxc5 11. Qxf8+ Qxf8 12. Bxf8 Kxf8 13. Nh3 Nxh1
14. g3 Nc6 15. Bg2 Nxg3 16. hxg3 b6 17. Rf1 Bb7 18. Kc3 Ke7 19. Bf3 Rg8 20. g4
Ba8 21. Nf2 Ne5 22. Bxa8 Rxa8 23. Kd4 d6 24. Rh1 Rg8 25. Rxh7 Nxg4 26. Nxg4
Rxg4+ 27. Kd3 Rg3+ 28. Kd2 Rg8 29. Kd3 e5 30. a3 Ke6 31. Rh6+ Rg6 32. Rh8 Rg3+
33. Kd2 Rg4 34. Rh6+ f6 35. Kc3 Rg2 36. Kd3 e4+ 37. Kd2 Ke5 38. Ke3 f5 39. Rh5
Rg3+ 40. Kd2 Rg1 41. Kc2 Rf1 42. Rh6 f4 43. Rh5+ Kd4 44. Rd5+ Ke3 45. Rxd6 Kxe2
46. b4 f3 47. c5 bxc5 48. bxc5 f2 49. Rd2+ Ke3 50. c6 Rc1+ 0-1

[Event "Landesklasse West 2011/2012"]
[Site "?"]
[Date "2011.10.09"]
[Round "2"]
[White "Ortlepp, Steffen"]
[Black "Ziegenfuß, Holger"]
[Result "0-1"]
[WhiteElo "1826"]
[BlackElo "1910"]
[PlyCount "82"]
[EventDate "2011.??.??"]
[WhiteTeam "Ilmenauer SV"]
[BlackTeam "Schachclub Rochade Leinefelde"]

1. e4 c5 2. Nf3 d6 3. d4 cxd4 4. Nxd4 Nf6 5. Nc3 a6 6. a4 Nc6 7. Be2 e5 8. Nb3
Be6 9. Nd2 d5 10. exd5 Nxd5 11. Nxd5 Bxd5 12. Bf3 Bc5 13. O-O Bxf3 14. Qxf3 Qe7
15. c3 O-O 16. b4 Bd6 17. Ne4 Rfc8 18. Rd1 Bc7 19. Bg5 f6 20. Bxf6 Qf7 21. Qg4
h5 22. Qg3 Rf8 23. Rd2 Kh8 24. Bg5 b6 25. Rad1 Qe6 26. Qh4 Qg6 27. Rd7 Rf7 28.
R7d3 Raf8 29. Qg3 Qxe4 30. h3 Rxf2 31. Rd7 R2f7 32. Kh2 Qg6 33. Kg1 Rxd7 34.
Rxd7 Rf7 35. Rd1 Qc2 36. Rc1 Qf5 37. Be3 e4 38. Qh4 Ne5 39. Bg5 Nd3 40. Qxh5+
Kg8 41. Rd1 Qf2+ 0-1

[Event "Landesklasse West 2011/2012"]
[Site "?"]
[Date "2011.10.09"]
[Round "2"]
[White "Frank, Thomas"]
[Black "Sukaylo, Aleksey"]
[Result "1-0"]
[WhiteElo "1891"]
[BlackElo "1841"]
[PlyCount "69"]
[EventDate "2011.??.??"]
[WhiteTeam "Schachclub Rochade Leinefelde"]
[BlackTeam "Ilmenauer SV"]

1. d4 f5 2. g3 Nf6 3. Bg2 g6 4. c4 Bg7 5. Nf3 O-O 6. O-O d6 7. b3 Qe8 8. Bb2
Nbd7 9. Nc3 c5 10. d5 Ne4 11. Qc2 Nxc3 12. Bxc3 Nf6 13. Rad1 b5 14. Nd2 a5 15.
cxb5 Qxb5 16. a4 Qd7 17. Nc4 Qc7 18. Rfe1 Rf7 19. f3 Bb7 20. e4 f4 21. Bh3 fxg3
22. hxg3 Nh5 23. Kg2 Kh8 24. Be6 Bxc3 25. Qxc3+ Rg7 26. e5 Bc8 27. exd6 exd6
28. Bxc8 Rxc8 29. Re6 Rd8 30. Rde1 Kg8 31. Nxa5 Qf7 32. Nc6 Rf8 33. Re7 Qf5 34.
Rxg7+ Nxg7 35. Ne7+ 1-0

[Event "Landesklasse West 2011/2012"]
[Site "?"]
[Date "2011.10.09"]
[Round "2"]
[White "Lorenz, Erik Roman"]
[Black "Dittrich, Frank"]
[Result "1/2-1/2"]
[WhiteElo "1692"]
[BlackElo "1784"]
[PlyCount "60"]
[EventDate "2011.??.??"]
[WhiteTeam "Ilmenauer SV"]
[BlackTeam "Schachclub Rochade Leinefelde"]

1. e4 e5 2. Nf3 Nc6 3. Bc4 Bc5 4. c3 d6 5. d4 exd4 6. cxd4 Bb4+ 7. Bd2 Bxd2+ 8.
Nbxd2 Nf6 9. h3 O-O 10. O-O Nxe4 11. Nxe4 d5 12. Bd3 dxe4 13. Bxe4 Ne7 14. Re1
c6 15. Qc2 g6 16. Rad1 Nd5 17. Bxd5 Qxd5 18. Ne5 Qxa2 19. d5 Bf5 20. Qc3 Qa4
21. dxc6 bxc6 22. Nxc6 Rae8 23. Ra1 Rxe1+ 24. Rxe1 h6 25. Ne7+ Kh7 26. Nxf5
gxf5 27. Qf6 Qc2 28. Re7 Qc1+ 29. Kh2 Qf4+ 30. Kg1 Qc1+ 1/2-1/2

[Event "Landesklasse West 2011/2012"]
[Site "?"]
[Date "2011.10.09"]
[Round "2"]
[White "Seeboth, Paul"]
[Black "Leuner, Klaus"]
[Result "0-1"]
[WhiteElo "1780"]
[BlackElo "1860"]
[PlyCount "158"]
[EventDate "2011.??.??"]
[WhiteTeam "Schachclub Rochade Leinefelde"]
[BlackTeam "Ilmenauer SV"]

1. d4 d5 2. c4 c6 3. Nc3 Nf6 4. Qc2 e6 5. e3 Bd6 6. Nf3 O-O 7. Bd3 Nbd7 8. cxd5
exd5 9. O-O Re8 10. Bd2 Nf8 11. h3 Ng6 12. Rfe1 Bd7 13. e4 dxe4 14. Nxe4 Nxe4
15. Bxe4 Qc7 16. Rac1 Rac8 17. b4 Bf4 18. a4 Bxd2 19. Qxd2 Qd6 20. Rc5 b6 21.
Rh5 h6 22. b5 Nf4 23. Re5 Rxe5 24. Nxe5 Nd5 25. bxc6 Bxc6 26. Qa2 Bb7 27. Bf5
Re8 28. Rc1 Re7 29. Qd2 Nf6 30. Rd1 Qd5 31. f3 Rc7 32. Qf4 Qb3 33. Rb1 Qc3 34.
Rd1 Nd5 35. Qd2 Ne3 36. Qxc3 Rxc3 37. Rd3 Rc1+ 38. Kf2 Nxf5 39. d5 Nd6 40. Ke3
Rc5 41. Kf4 Rxd5 42. Rb3 Rd4+ 43. Ke3 Rxa4 44. Rc3 Nf5+ 45. Kf2 Ra2+ 46. Kg1
Re2 47. Nd7 g6 48. Rc7 Ba6 49. Rxa7 Ra2 50. Nxb6 Nh4 51. Nd7 Rxg2+ 52. Kh1 Ra2
53. Ne5 Nf5 54. Rxf7 Re2 55. f4 Rxe5 56. Rf6 Bb7+ 57. Kg1 Kg7 58. fxe5 Bd5 59.
Kf2 h5 60. Ra6 Kf7 61. Rb6 Be6 62. Rb7+ Ne7 63. Kg3 g5 64. Ra7 Bd5 65. Ra6 Nc6
66. Rb6 Nxe5 67. Rh6 h4+ 68. Kf2 Be6 69. Kg2 Ng6 70. Rh7+ Kf6 71. Ra7 Nf4+ 72.
Kf3 Bxh3 73. Ra6+ Be6 74. Rb6 Kf5 75. Rb5+ Bd5+ 76. Ke3 h3 77. Rb2 Kg4 78. Rd2
Bg2 79. Rd1 h2 0-1

[Event "Landesklasse West 2011/2012"]
[Site "?"]
[Date "2011.10.09"]
[Round "2"]
[White "Schenk, Stefan"]
[Black "Müller, Sebastian"]
[Result "1-0"]
[WhiteElo "1811"]
[BlackElo "1779"]
[PlyCount "57"]
[EventDate "2011.??.??"]
[WhiteTeam "Ilmenauer SV"]
[BlackTeam "Schachclub Rochade Leinefelde"]

1. e4 c5 2. c3 d5 3. exd5 Qxd5 4. d4 Nf6 5. Nf3 Bg4 6. Be2 e6 7. O-O Nc6 8. Na3
a6 9. Nc2 Qd8 10. Re1 Be7 11. Bf4 O-O 12. Ne5 Nxe5 13. Bxe5 Bf5 14. Bf3 Qb6 15.
b3 Rac8 16. Ne3 Bg6 17. Nc4 Qa7 18. Na5 b6 19. Nc6 Qb7 20. Nxe7+ Qxe7 21. dxc5
Rfd8 22. Qe2 bxc5 23. Qxa6 Nd7 24. Bd6 Qf6 25. Bb7 Nb8 26. Qb6 Nd7 27. Qb5 e5
28. Bxc8 Qxd6 29. Rad1 1-0

[Event "Landesklasse West 2011/2012"]
[Site "?"]
[Date "2011.10.09"]
[Round "2"]
[White "Petiko, Jakob"]
[Black "Müller, Julian"]
[Result "1/2-1/2"]
[WhiteElo "1929"]
[BlackElo "1481"]
[PlyCount "60"]
[EventDate "2011.??.??"]
[WhiteTeam "Schachclub Rochade Leinefelde"]
[BlackTeam "Ilmenauer SV"]

1. e4 c5 2. Nc3 Nc6 3. g3 g6 4. Bg2 Bg7 5. d3 Nf6 6. Be3 d6 7. h3 O-O 8. Qd2
Qc7 9. Bh6 a6 10. Bxg7 Kxg7 11. h4 h5 12. Nge2 b5 13. O-O Bg4 14. Nf4 Rab8 15.
f3 Bc8 16. Ncd5 Nxd5 17. Nxd5 Qd7 18. f4 e6 19. f5 exd5 20. fxg6 fxg6 21. Rxf8
Kxf8 22. Qh6+ Qg7 23. Rf1+ Kg8 24. Qg5 Kh7 25. Rf6 d4 26. Rxd6 Ne5 27. Rd5 Ng4
28. Rxc5 Qf7 29. Qd2 Qe7 30. Qb4 Qf6 1/2-1/2

[Event "Landesklasse West 2011/2012"]
[Site "?"]
[Date "2011.11.06"]
[Round "3"]
[White "Minor, Viatcheslav"]
[Black "Mehlhorn, Uwe"]
[Result "0-1"]
[WhiteElo "1970"]
[BlackElo "2042"]
[PlyCount "125"]
[EventDate "2011.??.??"]
[WhiteTeam "SV Wartburgstadt Eisenach"]
[BlackTeam "Ilmenauer SV"]

1. d4 b5 2. Nf3 Bb7 3. g3 e6 4. Bg2 Nf6 5. O-O Be7 6. Nbd2 O-O 7. Re1 c5 8. e4
Qb6 9. e5 Nd5 10. Ne4 Na6 11. c3 Rac8 12. Bg5 f6 13. exf6 Nxf6 14. dxc5 Nxc5
15. Nxf6+ Bxf6 16. Be3 b4 17. Rc1 bxc3 18. bxc3 Qa6 19. Nd4 Bxg2 20. Kxg2 Nd3
21. Qd2 Nxe1+ 22. Rxe1 e5 23. Nf5 Qe6 24. Nd6 Rc6 25. Rd1 e4 26. c4 Be7 27. Nb5
Bc5 28. Bxc5 Rxc5 29. Qxd7 Qxd7 30. Rxd7 Rxc4 31. Rd2 Rb8 32. Nd6 Rcb4 33. Re2
Rb2 34. Rxe4 Rxa2 35. Nf5 g6 36. Ne7+ Kg7 37. Nc6 Rb7 38. g4 Rf7 39. Kg3 Raxf2
40. Ne5 Rf8 41. Ra4 Re2 42. Rxa7+ Kg8 43. Re7 Ra8 44. Kf4 Rxh2 45. Kg5 Rf2 46.
Kh6 Rh2+ 47. Kg5 Rh1 48. Kf6 Ra6+ 49. Kg5 h6+ 50. Kf4 Rf1+ 51. Kg3 Rf8 52. g5
Ra3+ 53. Kg2 Rb8 54. Nxg6 Rb2+ 55. Kf1 Ra1+ 56. Re1 Rxe1+ 57. Kxe1 hxg5 58. Ne5
Kg7 59. Kf1 Ra2 60. Kg1 Kf6 61. Ng4+ Kf5 62. Ne3+ Kf4 63. Nf1 0-1